Statistics for Highest HDI Countries by Year

Click here to take the quiz!

General Stats

  • This quiz has been taken 180 times
    (166 since last reset)
  • The average score is 19 of 20

Answer Stats

Country% Correct
United States
100%
Australia
99%
Canada
99%
Norway
99%
Japan
98%
New Zealand
97%
Sweden
97%
Germany
96%
Denmark
95%
Iceland
95%
Ireland
95%
United Kingdom
94%
Belgium
93%
Luxembourg
93%
Netherlands
93%
Singapore
93%
Switzerland
93%
France
92%
Austria
90%
Liechtenstein
85%

Score Distribution

Percentile by Number Answered

Percent of People with Each Score

Your Score History

You have not taken this quiz since the last reset